Statistics for 25 most populated cities in the Nordic countries

Click here to take the quiz!

General Stats

  • This quiz has been taken 73 times
  • The average score is 14 of 25

Answer Stats

HintAnswer% Correct
1,705,718Stockholm
100%
1,308,893Copenhagen
98%
1,000,467Oslo
98%
1,268,296Helsinki
97%
637,137Gothenburg
95%
312,012Malmö
92%
255,464Bergen
89%
217,934Reykjavik
86%
273,077Aarhus
76%
183,378Trondheim
71%
272,230Turku
61%
157,303Uppsala
61%
114,194Aalborg
58%
222,697Stavanger/Sandnes
58%
334,112Tampere
52%
178,210Odense
50%
200,400Oulu
45%
108,334Helsingborg
29%
121,806Västerås
26%
113,558Linköping
24%
119,068Lahti
20%
119,091Örebro
20%
117,510Drammen
15%
123,241Jyväskylä
14%
112,464Fredrikstad
9%

Score Distribution

Percentile by Number Answered

Percent of People with Each Score

Your Score History

You have not taken this quiz